000 01849nam0a2200325 4500
001 RU\NLR\bibl\2048842
005 20260408234943.0
010 _a5-85574-173-8
_9500
035 _a(NLR Aleph) 002035933
090 _a4572830
_c4572830
100 _a20130701d2005 |||y0rusy50 ca
101 0 _arus
102 _aRU
105 _ay |||||||||
200 1 _aГал 1 Фес 2 Фес
_eНовый открытый Завет. Послание открытое к Галатам святого апостола Павла. Первое открытое послание к Фессалоникийцам святого апостоа Павла. Второе открытое послание к Фессалоникийцам святого апостола Павла
_fТотчас-Туранский
210 _aСанкт-Петербург
_cИзд-во Александра Сазонова
_cРоза мира
_d2005
215 _a107 с.
_d20
320 _aБиблиогр. на обороте тит. л.
500 _aБиблия
_iН.З
_iПослания
_iПавел к Галатам
_3RU\NLR\auth\559048
_92631114
500 _aБиблия
_iН.З.
_iПослания
_iПавел к Фессалоникийцам
_h1
_3RU\NLR\auth\559226
_92631252
500 _aБиблия
_iН.З
_iПослания
_iПавел к Фессалоникийцам
_n2
_3RU\NLR\auth\559203
_92631231
605 _aБиблия
_iНовый Завет
_xИсследование текста
_xОригинальные теории
_92476335
_3RU\NLR\auth\661470365
686 _aЭ37-220.1
700 1 _4070
_8rus
_7ca
_aТотчас-Туранский
_cпсевдоним
_3RU\NLR\AUTH\77125102
_9108027
801 0 _aRU
_bNLR
_c20130701
_gRCR
801 1 _aRU
_bNLR
_c20130701
942 _cBOOK
980 _aNB